| 000 | 00686 a2200169 4500 | ||
|---|---|---|---|
| 003 | Nust | ||
| 005 | 20230313121945.0 | ||
| 040 | _cNust | ||
| 082 | _a355.0092,WAL | ||
| 100 |
_aWavell, Earl _9110177 |
||
| 245 |
_aSoldiers and soldiering or Epithets of war / _cEarl, Wavell |
||
| 260 |
_aLondon _bCape _c1953 |
||
| 300 | _a174 p. | ||
| 505 | _aGenerals and Generalship (Page-13), Military Genius (Page-45), Belisarius (Page-57), Rommel (Page-74), Field Marshal (Page-84), Allied Cooperation (Page-84), Allied Cooperation (Page-84), The Good Soldiers (Page-112), The Good Soldier (Page-112), A Note Command (Page-127). | ||
| 650 |
_aMilitary art and science. _937914 |
||
| 942 |
_2ddc _cBK |
||
| 999 |
_c185158 _d185158 |
||